000 00344nam a2200133Ia 4500
003 GCL
008 140319s9999 xx 000 0 ara d
040 _aGCL /
_cGCL
082 0 4 _a823.03
_bد ا
245 1 0 _aاوليفر تويست
260 _a[S.N] :
_bدار اسامة للنشر والتوزيع ،
_c1992
300 _a175 ص
490 _a
999 _c55695
_d55695